Tendencie vývoja slovenského hospodárstva

Celkové hodnotenie hospodárskeho vývoja v roku 2001. Výhľad na rok 2002. Stav konjunktúry vo svetovom hospodárstve, jeho vplyv na formovanie vývozu a dovozu. Vývoj domáceho dopytu a jeho súčastí. Predikacia vývoja ponuky. Celkový vývoj hospodárstva Slovenska. Hlavné ukazovatele hospodárskeho vývoja...

Description complète

Enregistré dans:
Détails bibliographiques
Auteur principal: Okáli, Ivan
Format: Chapitre de livre
Langue:slovaque
Sujets:
Tags: Ajouter un tag
Pas de tags, Soyez le premier à ajouter un tag!

MARC

LEADER 00000naa a2200000 4500
001 r045045
005 20230925125620.3
041 0 |a slo 
044 |a SK 
245 1 0 |a Tendencie vývoja slovenského hospodárstva  |c Ivan Okáli 
520 |a Celkové hodnotenie hospodárskeho vývoja v roku 2001. Výhľad na rok 2002. Stav konjunktúry vo svetovom hospodárstve, jeho vplyv na formovanie vývozu a dovozu. Vývoj domáceho dopytu a jeho súčastí. Predikacia vývoja ponuky. Celkový vývoj hospodárstva Slovenska. Hlavné ukazovatele hospodárskeho vývoja SR v r. 1993-2001. 
610 2 0 |a vývoj hospodársky 
610 2 0 |a ukazovatele makroekonomické 
610 2 0 |a vývoz 
610 2 0 |a dovoz 
610 2 0 |a dopyt domáci 
610 2 0 |a ponuka 
610 2 0 |a prognózy hospodárske 
610 2 0 |a 1993-2001 
610 2 0 |a Slovensko 
100 1 |a Okáli, Ivan